The adventures of Oliver Twist / (Record no. 1037)

MARC details
000 -LEADER
fixed length control field 01268cam a2200385 a 4500
005 - DATE AND TIME OF LATEST TRANSACTION
control field 20260322212044.0
008 - FIXED-LENGTH DATA ELEMENTS--GENERAL INFORMATION
fixed length control field data
010 ## - LIBRARY OF CONGRESS CONTROL NUMBER
LC control number 00269144
020 ## - INTERNATIONAL STANDARD BOOK NUMBER
International Standard Book Number 158279037X (standard)
020 ## - INTERNATIONAL STANDARD BOOK NUMBER
International Standard Book Number 1582790493 (deluxe)
020 ## - INTERNATIONAL STANDARD BOOK NUMBER
International Standard Book Number 9781582790374 (standard)
020 ## - INTERNATIONAL STANDARD BOOK NUMBER
International Standard Book Number 9781582790497 (deluxe)
040 ## - CATALOGING SOURCE
Original cataloging agency DLC
Transcribing agency DLC
Modifying agency DLC
043 ## - GEOGRAPHIC AREA CODE
Geographic area code e-uk-en
050 00 - LIBRARY OF CONGRESS CALL NUMBER
Classification number PR4567
Item number .A1 1999
082 00 - DEWEY DECIMAL CLASSIFICATION NUMBER
Classification number 823/.8
Edition information 21
001 - CONTROL NUMBER
control field data
100 1# - MAIN ENTRY--PERSONAL NAME
Personal name Dickens, Charles,
Dates associated with a name 1812-1870.
245 14 - TITLE STATEMENT
Title The adventures of Oliver Twist /
Statement of responsibility, etc. Charles Dickens.
246 30 - VARYING FORM OF TITLE
Title proper/short title Oliver Twist
260 ## - PUBLICATION, DISTRIBUTION, ETC.
Place of publication, distribution, etc. [Naples, Fla.] :
Name of publisher, distributor, etc. Trident Press International,
Date of publication, distribution, etc. 1999.
300 ## - PHYSICAL DESCRIPTION
Extent xiii, 438 p. :
Other physical details ill. ;
Dimensions 24 cm.
440 #0 - SERIES STATEMENT/ADDED ENTRY--TITLE
Title [Signature classics]
500 ## - GENERAL NOTE
General note Series statement on jacket.
650 #0 - SUBJECT ADDED ENTRY--TOPICAL TERM
Topical term or geographic name entry element Boys
Form subdivision Fiction.
650 #0 - SUBJECT ADDED ENTRY--TOPICAL TERM
Topical term or geographic name entry element Orphans
Form subdivision Fiction.
650 #0 - SUBJECT ADDED ENTRY--TOPICAL TERM
Topical term or geographic name entry element Criminals
Form subdivision Fiction.
650 #0 - SUBJECT ADDED ENTRY--TOPICAL TERM
Topical term or geographic name entry element Kidnapping victims
Form subdivision Fiction.
650 #0 - SUBJECT ADDED ENTRY--TOPICAL TERM
Topical term or geographic name entry element Identity (Psychology)
Form subdivision Fiction.
651 #0 - SUBJECT ADDED ENTRY--GEOGRAPHIC NAME
Geographic name London (England)
Form subdivision Fiction.
655 #7 - INDEX TERM--GENRE/FORM
Genre/form data or focus term Bildungsromans.
Source of term gsafd
906 ## - LOCAL DATA ELEMENT F, LDF (RLIN)
a 7
b cbc
c orignew
d 2
e ncip
f 20
g y-gencatlg
925 0# -
-- acquire
-- 1 shelf copy
-- policy default
Holdings
Withdrawn status Lost status Damaged status Not for loan Home library Current library Shelving location Date acquired Total checkouts Full call number Barcode Date last seen Price effective from Koha item type
        Centerville Centerville General stacks 22/03/2026   823/.8 21 BC0011071 22/03/2026 22/03/2026 Books